| 000 | 00988nam a22003137a 4500 | ||
|---|---|---|---|
| 003 | CHAP | ||
| 005 | 20220329133634.0 | ||
| 008 | 971013s1992 r 00010 d | ||
| 010 | _a8882 | ||
| 011 | _a9854 | ||
| 035 | _a9090 | ||
| 040 | _cCHAP | ||
| 082 |
_a589.2 _bB35 |
||
| 100 | 0 | 0 |
_aBailey, John A. _eed. _99442 |
| 245 |
_aColletotrichum _b: biology, pathology and control |
||
| 260 |
_aOxon : _bCAB International, _c1992 |
||
| 300 |
_a388 p. _b; ilus. |
||
| 590 |
_aBATCH-UPD _b10 _c20130110 _lUCH01 _h1737 |
||
| 590 |
_aBATCH-UPD _b10 _c20130410 _lUCH01 _h1117 |
||
| 590 |
_aBATCH-UPD _b10 _c20130914 _lUCH01 _h1009 |
||
| 590 |
_aCONVERSION _b10 _c20130109 _lUCH01 _h1306 |
||
| 650 | 1 | 4 |
_aColletotrichum. _925250 |
| 650 | 1 | 4 |
_aHongos fitopatógenos. _956132 |
| 650 | 1 | 4 |
_aPlantas _xEnfermedades por hongos. _988830 |
| 700 | 0 |
_aJeger, Michael J. _eed. _961292 |
|
| 901 | _aBK | ||
| 942 | _cLIBRO | ||
| 949 |
_a589.2 B35 _bBC _cLIBRO _d33724000350534 _eLIBRO _gI.168146 _h83927 _i9090 _si _t446.00 |
||
| 999 |
_c8882 _d8882 |
||